France rugby union matches (2020 - ...). - Statistics

General Stats
  • This quiz has been taken 241 times
    108 since last reset
  • The average score is 13 of 14
Answer Stats
Opponent % Correct
6 Australia
100%
7 Ireland
100%
6 New Zealand
100%
10 Scotland
100%
8 Wales
100%
7 England
99%
9 Italy
99%
3 South Africa
99%
1 Namibia
93%
4 Japan
91%
4 Argentina
90%
1 Uruguay
80%
2 Fiji
78%
1 Georgia
78%
No matching quizzes found
Score Distribution
Percent of People with Each Score
Percentile by Number Answered
Your Score History
You have not taken this quiz since the last reset